Giáo dục công dân 8 Sách giáo viên

Gardado en:
Detalles Bibliográficos
Autor Principal: Hà, Nhật Thăng
Formato: Libro
Idioma:Undetermined
Publicado: H. Giáo dục 2006
Những chủ đề:
Acceso en liña:http://lrc.tdmu.edu.vn/opac/search/detail.asp?aID=2&ID=4948
Các nhãn: Engadir etiqueta
Sen Etiquetas, Sexa o primeiro en etiquetar este rexistro!
Thư viện lưu trữ: Trung tâm Học liệu Trường Đại học Thủ Dầu Một
LEADER 00648nam a2200205Ia 4500
001 TDMU_4948
008 210410s9999 xx 000 0 und d
082 |a 370.11072 
090 |b H100 
100 |a Hà, Nhật Thăng 
245 0 |a Giáo dục công dân 8 
245 0 |b Sách giáo viên 
245 0 |c Hà Nhật Thăng 
260 |a H. 
260 |b Giáo dục 
260 |c 2006 
300 |a 127tr. 
650 |a Đạo đức  |x Dạy và học; Sách lớp 8  |v Giáo viên 
856 |u http://lrc.tdmu.edu.vn/opac/search/detail.asp?aID=2&ID=4948 
980 |a Trung tâm Học liệu Trường Đại học Thủ Dầu Một